000 00575nam a22002057a 4500
003 Ost
005 20250722102702.0
008 250722b |||||||| |||| 00| 0 eng d
020 _a9780470624579
040 _cBT-PhCST
050 _a25478
082 _222
_a697
_bMIT
100 _a Mitchell, John W.
245 _aPrinciples of heating ventilation and air conditioning in buildings /
260 _aThe USA :
_bWiley,
_cc2013.
300 _axxiii, 600 p. :
_bill. ;
_c26 cm.
500 _aIncludes index and references.
700 _a Braun, James E.
942 _2ddc
_cMEC
999 _c10076
_d10076